000 00501nam a2200169Ia 4500
999 _c22431
_d22431
003 OSt
005 20200323105545.0
008 190216s9999||||xx |||||||||||||| ||und||
040 _coclc
082 _a297.0954830904
_bSAM/I
100 _aSamad, M Abdul
_91960
245 0 _aIslam In Kerala /
_cM Abdul Samad
260 _bLaurel Publications,
_c1998.
_aKollam:
300 _a208p
650 _aIslamic History
942 _cBK
_2ddc
_h297.0954830904
_iSAM/I
_k297.0954830904
_mSAM/I